Compte rendu de la réunion d'experts sur la mécanisation de la production et du traitement du riz

Đã lưu trong:
书目详细资料
主要作者: FAO
格式: 图书
语言:Undetermined
出版: Rome FAO 1972
主题:
标签: 添加标签
没有标签, 成为第一个标记此记录!
Thư viện lưu trữ: Trung tâm Học liệu Trường Đại học Cần Thơ
LEADER 00519nam a2200181Ia 4500
001 CTU_3923
008 210402s9999 xx 000 0 und d
082 |a 633.18 
082 |b C738 
100 |a FAO 
245 0 |a Compte rendu de la réunion d'experts sur la mécanisation de la production et du traitement du riz 
245 0 |c FAO 
260 |a Rome 
260 |b FAO 
260 |c 1972 
650 |a rice 
904 |i Nguyễn Quang Điền, 960530 
980 |a Trung tâm Học liệu Trường Đại học Cần Thơ